[Event "Deutsche Ländermeisterschaft 2015"]
[Site "Hannover GER"]
[Date "2015.10.04"]
[Round "2"]
[White "Schulze, Lara"]
[Black "Yi, Danny"]
[Result "0-1"]
[Termination "normal"]
[Board "3.6"]
[WhiteElo "1927"]
[BlackElo "1745"]
[WhiteTeam "Niedersachsen 1"]
[BlackTeam "Württemberg"]
[PlyCount "142"]
[WhiteFideId "12956830"]
[BlackFideId "12988588"]
[EventCountry "GER"]
[EventRounds "7"]
[EventType "team-swiss"]
[EventDate "2015.10.02"]

1. e4 e5 2. Nf3 Nc6 3. d4 exd4 4. Nxd4 Bc5 5. Nb3 Bb6 6. a4 a6 7. Nc3 Nf6 8.
Bd3 d6 9. O-O h6 10. h3 O-O 11. Kh1 Be6 12. f4 Qd7 13. Qf3 Bxb3 14. cxb3 Nd4
15. Qd1 Ne6 16. e5 dxe5 17. fxe5 Nh5 18. Qxh5 Qxd3 19. Rd1 Qg3 20. Ne4 Qg6 21.
Qxg6 fxg6 22. b4 Rad8 23. Bd2 Rf5 24. Bc3 Rxd1+ 25. Rxd1 Kf8 26. Nd2 Bd4 27.
Nf3 Bxc3 28. bxc3 Ke7 29. Re1 Rf4 30. Re3 c5 31. g3 Rf7 32. Kg2 Ke8 33. Nd2
cxb4 34. cxb4 Rc7 35. Ne4 Ke7 36. Nd6 b6 37. h4 Rc2+ 38. Kf3 Nf8 39. Ke4 Ke6
40. Kd4 Nd7 41. Nc4 Rc1 42. b5 axb5 43. axb5 Rb1 44. Na3 Rd1+ 45. Kc3 Nxe5 46.
Nc2 Kd6 47. Nb4 Ng4 48. Re8 Kc5 49. Nd3+ Kxb5 50. Re7 Rg1 51. Rxg7 Rxg3 52. Kd2
Nf6 53. Ne5 g5 54. hxg5 hxg5 55. Rg6 Nd5 56. Nf7 Rg2+ 57. Ke1 g4 58. Rg5 Kc5
59. Ne5 g3 60. Nd7+ Kd4 61. Rg6 Rg1+ 62. Kd2 Rg2+ 63. Ke1 b5 64. Rd6 Kc4 65.
Nb6+ Nxb6 66. Rxb6 Rb2 67. Rg6 g2 68. Rg4+ Kb3 69. Rg3+ Ka2 70. Rg5 g1=Q+ 71.
Rxg1 Rb1+ 0-1

[Event "Deutsche Ländermeisterschaft 2015"]
[Site "Hannover GER"]
[Date "2015.10.04"]
[Round "2"]
[White "Lederer, Leia"]
[Black "Helmer, Jan"]
[Result "0-1"]
[Termination "normal"]
[Board "3.7"]
[WhiteElo "1617"]
[BlackElo "1767"]
[WhiteTeam "Württemberg"]
[BlackTeam "Niedersachsen 1"]
[PlyCount "56"]
[WhiteFideId "12926353"]
[BlackFideId "12956686"]
[EventCountry "GER"]
[EventRounds "7"]
[EventType "team-swiss"]
[EventDate "2015.10.02"]

1. e4 e6 2. d4 d5 3. Nc3 Nf6 4. e5 Nfd7 5. f4 c5 6. Be3 a6 7. Nf3 b5 8. f5 Nc6
9. Qd2 Qb6 10. Ne2 cxd4 11. Nfxd4 Bc5 12. Nxc6 Bxe3 13. Qc3 Bf2+ 14. Kd1 Bb7
15. fxe6 fxe6 16. Nb4 Rc8 17. Qh3 Nxe5 18. Qh5+ Ng6 19. Nf4 Qd4+ 20. Nbd3 Kd7
21. g3 Nxf4 22. gxf4 Rhf8 23. Qg4 Be3 24. c3 Rxc3 25. bxc3 Qxc3 26. Ne5+ Kd6
27. Nf3 Qxa1+ 28. Ke2 d4 0-1

[Event "Deutsche Ländermeisterschaft 2015"]
[Site "Hannover GER"]
[Date "2015.10.04"]
[Round "2"]
[White "Brunner, Sophia"]
[Black "Zell, Hannah"]
[Result "1-0"]
[Termination "normal"]
[Board "3.8"]
[WhiteElo "1546"]
[BlackElo "1212"]
[WhiteTeam "Niedersachsen 1"]
[BlackTeam "Württemberg"]
[PlyCount "75"]
[WhiteFideId "12960683"]
[BlackFideId "16208900"]
[EventCountry "GER"]
[EventRounds "7"]
[EventType "team-swiss"]
[EventDate "2015.10.02"]

1. e4 e5 2. Nf3 Nc6 3. d4 Bd6 4. d5 Nce7 5. Bg5 f6 6. Be3 Ng6 7. c4 b6 8. a3
Bc5 9. b4 Bxe3 10. fxe3 d6 11. Bd3 a5 12. Nc3 Bd7 13. b5 N8e7 14. a4 O-O 15. h4
f5 16. h5 Nh8 17. exf5 Nxf5 18. Bxf5 Bxf5 19. Nh4 Qg5 20. Nxf5 Rxf5 21. Qe2
Raf8 22. Ne4 Qe7 23. O-O-O Nf7 24. g4 Ng5 25. gxf5 Nxe4 26. Qc2 Ng3 27. Rhg1
Nxf5 28. Qe4 Nh6 29. Rdf1 Rxf1+ 30. Rxf1 Nf7 31. Qf5 Qe8 32. Qe6 Kf8 33. Kc2 h6
34. Kc1 Qxe6 35. dxe6 Ke7 36. exf7 Kf8 37. Kd2 e4 38. Kc3 1-0

[Event "Deutsche Ländermeisterschaft 2015"]
[Site "Hannover GER"]
[Date "2015.10.04"]
[Round "2"]
[White "Haase, Dominik"]
[Black "Krause, Benedict"]
[Result "0-1"]
[Termination "normal"]
[Board "4.2"]
[BlackTitle "FM"]
[WhiteElo "1467"]
[BlackElo "2289"]
[WhiteTeam "Saarland"]
[BlackTeam "Schleswig-Holstein"]
[PlyCount "60"]
[WhiteFideId "16208781"]
[BlackFideId "12917990"]
[EventCountry "GER"]
[EventRounds "7"]
[EventType "team-swiss"]
[EventDate "2015.10.02"]

1. d4 Nf6 2. c4 g6 3. Nc3 d5 4. Nf3 Bg7 5. Bg5 Ne4 6. e3 Nxg5 7. Nxg5 e5 8. Nf3
exd4 9. exd4 dxc4 10. Bxc4 O-O 11. O-O Nd7 12. Re1 Nb6 13. Bb3 c6 14. h3 Bf5
15. Qd2 Qf6 16. Re2 Rad8 17. Rae1 c5 18. Re7 cxd4 19. Nb5 Nd5 20. Rxb7 Qc6 21.
Bxd5 Rxd5 22. Ree7 Rxb5 23. Rxa7 d3 24. Rac7 Qd6 25. b3 Bf6 26. Rb7 Rc5 27. Re3
Rc2 28. Qd1 d2 29. Nxd2 Rxd2 30. Qf3 Rd1+ 0-1

[Event "Deutsche Ländermeisterschaft 2015"]
[Site "Hannover GER"]
[Date "2015.10.04"]
[Round "2"]
[White "Kololli, Martin"]
[Black "Zimmer, Luca"]
[Result "1-0"]
[Termination "normal"]
[Board "4.3"]
[WhiteElo "2158"]
[BlackElo "1548"]
[WhiteTeam "Schleswig-Holstein"]
[BlackTeam "Saarland"]
[PlyCount "51"]
[WhiteFideId "12936910"]
[BlackFideId "12921424"]
[EventCountry "GER"]
[EventRounds "7"]
[EventType "team-swiss"]
[EventDate "2015.10.02"]

1. e4 e6 2. c4 d5 3. exd5 exd5 4. cxd5 Nf6 5. Nc3 Nxd5 6. Nf3 Bf5 7. Nd4 Bg6 8.
Nxd5 Qxd5 9. Nb5 Na6 10. d4 Bb4+ 11. Nc3 Qe4+ 12. Be3 O-O 13. Be2 Qxg2 14. Bf3
Qh3 15. Bxb7 Rae8 16. Qf3 Qxf3 17. Bxf3 f5 18. O-O f4 19. Bd2 Rf5 20. a3 Bxc3
21. bxc3 Rg5+ 22. Kh1 Nb8 23. Rfe1 Rf8 24. Re7 Rf6 25. Rxc7 Bf7 26. Rc8+ 1-0

[Event "Deutsche Ländermeisterschaft 2015"]
[Site "Hannover GER"]
[Date "2015.10.04"]
[Round "2"]
[White "Ewerhardy, Moritz"]
[Black "Rieß, Alexander"]
[Result "0-1"]
[Termination "normal"]
[Board "4.4"]
[WhiteElo "1366"]
[BlackElo "2252"]
[WhiteTeam "Saarland"]
[BlackTeam "Schleswig-Holstein"]
[PlyCount "46"]
[WhiteFideId "36052086"]
[BlackFideId "12953326"]
[EventCountry "GER"]
[EventRounds "7"]
[EventType "team-swiss"]
[EventDate "2015.10.02"]

1. e4 e6 2. d4 d5 3. e5 c5 4. c3 Qb6 5. Nf3 Nc6 6. Bd3 cxd4 7. cxd4 Bd7 8. Nc3
Nxd4 9. Nxd4 Qxd4 10. O-O a6 11. Kh1 Ne7 12. f4 Nc6 13. a3 g6 14. Qe2 Qb6 15.
Rb1 Be7 16. f5 gxf5 17. Bh6 Rg8 18. Rfe1 Rg6 19. Qh5 Qd4 20. Rbd1 Qh4 21. Qxh4
Bxh4 22. g3 Bxg3 23. hxg3 Rxh6+ 0-1

[Event "Deutsche Ländermeisterschaft 2015"]
[Site "Hannover GER"]
[Date "2015.10.04"]
[Round "2"]
[White "Kopylov, Daniel"]
[Black "Heil, Lisa"]
[Result "1-0"]
[Termination "normal"]
[Board "4.5"]
[WhiteElo "1931"]
[BlackElo "1056"]
[WhiteTeam "Schleswig-Holstein"]
[BlackTeam "Saarland"]
[PlyCount "59"]
[WhiteFideId "12921971"]
[BlackFideId "16214412"]
[EventCountry "GER"]
[EventRounds "7"]
[EventType "team-swiss"]
[EventDate "2015.10.02"]

1. e4 e5 2. Nf3 Nc6 3. d4 d6 4. Bc4 Bg4 5. h3 Bh5 6. c3 Nf6 7. O-O a6 8. Bg5 h6
9. Bxf6 Qxf6 10. Qb3 Bxf3 11. Qxb7 Qd8 12. Qxc6+ Ke7 13. gxf3 Qc8 14. Kg2 g5
15. dxe5 dxe5 16. Qd5 Rh7 17. Qxe5+ Kd8 18. Rd1+ Bd6 19. Qf6+ Ke8 20. e5 Be7
21. Qc6+ Kf8 22. Nd2 h5 23. Ne4 g4 24. Rd7 gxf3+ 25. Kxf3 Rg7 26. Qxc7 Qxc7 27.
Rxc7 Rg6 28. Rd1 Bd8 29. Rxf7+ Kg8 30. Ra7+ 1-0

[Event "Deutsche Ländermeisterschaft 2015"]
[Site "Hannover GER"]
[Date "2015.10.04"]
[Round "2"]
[White "Caliebe, Nanke"]
[Black "Unbehend, Marius"]
[Result "1-0"]
[Termination "normal"]
[Board "4.7"]
[WhiteElo "1527"]
[BlackElo "863"]
[WhiteTeam "Schleswig-Holstein"]
[BlackTeam "Saarland"]
[PlyCount "97"]
[WhiteFideId "12980528"]
[BlackFideId "16214420"]
[EventCountry "GER"]
[EventRounds "7"]
[EventType "team-swiss"]
[EventDate "2015.10.02"]

1. d4 e6 2. Nf3 d5 3. Bf4 Nf6 4. e3 Bd7 5. Bd3 c5 6. dxc5 Bxc5 7. O-O Nc6 8. h3
Qe7 9. Nc3 e5 10. Bg5 Nb4 11. Bb5 Bc6 12. a3 Bxb5 13. Nxb5 Na6 14. Bxf6 Qxf6
15. Qxd5 Rd8 16. Qxe5+ Qxe5 17. Nxe5 f6 18. Nf3 Kf7 19. Rfd1 Rhe8 20. b4 Bf8
21. Nxa7 Nc7 22. c4 Rxd1+ 23. Rxd1 Be7 24. Rd7 Ra8 25. Rxc7 Rxa7 26. g3 Ke8 27.
Nd4 Rxa3 28. Rxb7 Ra1+ 29. Kg2 Rc1 30. c5 Kd8 31. Ne6+ Ke8 32. Nxg7+ Kf7 33.
Nf5 Ke8 34. Rxe7+ Kd8 35. Rxh7 Rc4 36. Rb7 Rc1 37. Nd4 Kc8 38. c6 Rxc6 39. Nxc6
Kxb7 40. Nd4 Kb6 41. h4 Kc7 42. h5 Kd7 43. h6 Ke7 44. h7 Kf7 45. h8=Q Kg6 46.
Qg8+ Kh6 47. Ne6 f5 48. Qg7+ Kh5 49. Qg5# 1-0

[Event "Deutsche Ländermeisterschaft 2015"]
[Site "Hannover GER"]
[Date "2015.10.04"]
[Round "2"]
[White "Huppert, Anna"]
[Black "Glinzner, Alva"]
[Result "0-1"]
[Termination "normal"]
[Board "4.8"]
[WhiteElo "967"]
[BlackElo "1440"]
[WhiteTeam "Saarland"]
[BlackTeam "Schleswig-Holstein"]
[PlyCount "60"]
[WhiteFideId "16214439"]
[BlackFideId "16206169"]
[EventCountry "GER"]
[EventRounds "7"]
[EventType "team-swiss"]
[EventDate "2015.10.02"]

1. e4 c6 2. d4 d5 3. exd5 cxd5 4. Bf4 Nc6 5. Nf3 Nf6 6. Bd3 Bg4 7. Nc3 Nxd4 8.
Be2 Nxe2 9. Qxe2 Bxf3 10. Qxf3 e6 11. Bd2 Bd6 12. Nb5 Bc5 13. Qg3 Rc8 14. Qxg7
Rg8 15. Qh6 Rxg2 16. O-O-O Rxf2 17. Rhf1 Rxf1 18. Rxf1 Be7 19. Bg5 Ne4 20. Be3
Qa5 21. Nd4 Qxa2 22. Kd1 e5 23. Nf5 Qb1+ 24. Bc1 Qxc2+ 25. Ke1 Bb4+ 26. Bd2
Bxd2+ 27. Ke2 Bxh6+ 28. Kf3 Nd2+ 29. Kf2 Qxf5+ 30. Kg3 Nxf1+ 0-1

[Event "Deutsche Ländermeisterschaft 2015"]
[Site "Hannover GER"]
[Date "2015.10.04"]
[Round "2"]
[White "Noe, Christopher"]
[Black "Baskin, Robert"]
[Result "1-0"]
[Termination "normal"]
[Board "5.1"]
[WhiteTitle "FM"]
[BlackTitle "FM"]
[WhiteElo "2407"]
[BlackElo "2329"]
[WhiteTeam "Baden 1"]
[BlackTeam "Hessen"]
[PlyCount "83"]
[WhiteFideId "24692018"]
[BlackFideId "24662402"]
[EventCountry "GER"]
[EventRounds "7"]
[EventType "team-swiss"]
[EventDate "2015.10.02"]

1. d4 Nf6 2. c4 g6 3. Nc3 d5 4. Nf3 Bg7 5. g3 c6 6. cxd5 cxd5 7. Bg2 Ne4 8.
Nxe4 dxe4 9. Ng5 Qxd4 10. Qxd4 Bxd4 11. Nxe4 O-O 12. O-O Nc6 13. e3 Bb6 14. Bd2
Rd8 15. Bc3 Be6 16. a3 f6 17. Rfc1 Rac8 18. b4 Bd5 19. Bb2 f5 20. Nc5 Bxg2 21.
Kxg2 Bxc5 22. Rxc5 e6 23. Rac1 Rd2 24. Ba1 Rcd8 25. b5 Ne7 26. Bd4 Nd5 27. Rc8
Rxc8 28. Rxc8+ Kf7 29. Rb8 b6 30. Rb7+ Kg8 31. Kf3 g5 32. Rg7+ Kf8 33. Rxg5 Ra2
34. Rg7 Rxa3 35. Rxh7 Ra2 36. h4 Nb4 37. Kf4 Nd3+ 38. Kg5 e5 39. Kf6 Kg8 40.
Rg7+ Kh8 41. Re7 exd4 42. Kg6 1-0

[Event "Deutsche Ländermeisterschaft 2015"]
[Site "Hannover GER"]
[Date "2015.10.04"]
[Round "2"]
[White "Keller, Peter"]
[Black "Ruff, Maximilian"]
[Result "1/2-1/2"]
[Termination "normal"]
[Board "5.2"]
[WhiteTitle "FM"]
[BlackTitle "FM"]
[WhiteElo "2311"]
[BlackElo "2318"]
[WhiteTeam "Hessen"]
[BlackTeam "Baden 1"]
[PlyCount "57"]
[WhiteFideId "1272105"]
[BlackFideId "1271670"]
[EventCountry "GER"]
[EventRounds "7"]
[EventType "team-swiss"]
[EventDate "2015.10.02"]

1. e4 e5 2. Nf3 Nc6 3. Bb5 a6 4. Ba4 Nf6 5. O-O Be7 6. d3 b5 7. Bb3 d6 8. a3
O-O 9. Nc3 Bg4 10. Be3 Qd7 11. Nd5 Nxd5 12. Bxd5 Rad8 13. c3 Bf6 14. h3 Be6 15.
Bxe6 Qxe6 16. a4 b4 17. a5 d5 18. Qa4 dxe4 19. dxe4 bxc3 20. bxc3 Rd3 21. Rfc1
Rb8 22. Ne1 Rdd8 23. Rab1 h6 24. Nc2 Ne7 25. Rb4 Qc6 26. Qb3 Rxb4 27. Qxb4 Ng6
28. Na3 Be7 29. Qc4 1/2-1/2

[Event "Deutsche Ländermeisterschaft 2015"]
[Site "Hannover GER"]
[Date "2015.10.04"]
[Round "2"]
[White "Gschnitzer, Adrian"]
[Black "Spitzl, Vinzent"]
[Result "0-1"]
[Termination "normal"]
[Board "5.3"]
[WhiteElo "2116"]
[BlackElo "2130"]
[WhiteTeam "Baden 1"]
[BlackTeam "Hessen"]
[PlyCount "116"]
[WhiteFideId "1270337"]
[BlackFideId "12901253"]
[EventCountry "GER"]
[EventRounds "7"]
[EventType "team-swiss"]
[EventDate "2015.10.02"]

1. e4 c5 2. Nf3 d6 3. d4 cxd4 4. Nxd4 Nf6 5. Nc3 a6 6. Bc4 e6 7. Bb3 Nc6 8. O-O
Be7 9. Be3 Qc7 10. f4 b5 11. e5 dxe5 12. Nxc6 Qxc6 13. fxe5 Bb7 14. Qf3 Qxf3
15. gxf3 Nd7 16. f4 Nc5 17. Rad1 O-O 18. Rf2 Rad8 19. Rfd2 Rxd2 20. Rxd2 Nxb3
21. axb3 Rd8 22. Rxd8+ Bxd8 23. Nd1 Be4 24. c4 Bc2 25. Nc3 b4 26. Ne2 Bxb3 27.
c5 Kf8 28. c6 Ke8 29. Bc5 Bd5 30. Nd4 Bc7 31. Kf2 f6 32. exf6 gxf6 33. Ke3 e5
34. fxe5 fxe5 35. Nf5 Bxc6 36. Bxb4 Bb6+ 37. Ke2 Kd7 38. Bc3 Bc7 39. Ne3 Ke6
40. Kf2 Bb6 41. Ke2 Bb5+ 42. Kd2 h5 43. b3 Bd8 44. Ke1 Bh4+ 45. Kd1 Bf2 46. Kd2
Bg1 47. h3 Bh2 48. Nc2 Bf1 49. Ke1 Bxh3 50. Nb4 Bg3+ 51. Ke2 Bg4+ 52. Kf1 Bf3
53. Nxa6 h4 54. Be1 Bxe1 55. Kxe1 h3 56. Nc5+ Kd5 57. Nd3 h2 58. Nf2 h1=Q+ 0-1

[Event "Deutsche Ländermeisterschaft 2015"]
[Site "Hannover GER"]
[Date "2015.10.04"]
[Round "2"]
[White "Färber, David"]
[Black "Stork, Oliver"]
[Result "1/2-1/2"]
[Termination "normal"]
[Board "5.5"]
[WhiteElo "2021"]
[BlackElo "1977"]
[WhiteTeam "Baden 1"]
[BlackTeam "Hessen"]
[PlyCount "89"]
[WhiteFideId "12971294"]
[BlackFideId "12955728"]
[EventCountry "GER"]
[EventRounds "7"]
[EventType "team-swiss"]
[EventDate "2015.10.02"]

1. e4 e5 2. Nf3 Nc6 3. Bb5 Nf6 4. d3 Bc5 5. O-O d6 6. c3 O-O 7. Nbd2 Bd7 8. Nc4
Bb6 9. Nxb6 axb6 10. Re1 Ne7 11. Bxd7 Qxd7 12. Bg5 Qe6 13. d4 Ng6 14. d5 Qe7
15. Nh4 h6 16. Nf5 Qd8 17. Bd2 Ne7 18. Qf3 Nxf5 19. Qxf5 Qd7 20. Qf3 Qg4 21.
Qxg4 Nxg4 22. f3 Nf6 23. a4 Nd7 24. Ra3 Ra6 25. Rea1 Rfa8 26. c4 Nc5 27. b3 Kf8
28. Kf2 Ke7 29. Ke2 f6 30. Bb4 Kd7 31. Kd2 c6 32. Kc3 Kc7 33. R1a2 R6a7 34. a5
bxa5 35. Bxa5+ b6 36. Bb4 Rxa3 37. Rxa3 Na6 38. dxc6 Kxc6 39. Ra4 Nc7 40. Rxa8
Nxa8 41. Ba3 Nc7 42. Bc1 b5 43. Be3 Na6 44. cxb5+ Kxb5 45. Bc1 1/2-1/2

[Event "Deutsche Ländermeisterschaft 2015"]
[Site "Hannover GER"]
[Date "2015.10.04"]
[Round "2"]
[White "Poetsch, Leonore"]
[Black "Mütsch, Annmarie"]
[Result "1/2-1/2"]
[Termination "normal"]
[Board "5.6"]
[WhiteElo "1860"]
[BlackElo "1974"]
[WhiteTeam "Hessen"]
[BlackTeam "Baden 1"]
[PlyCount "77"]
[WhiteFideId "12940372"]
[BlackFideId "12971367"]
[EventCountry "GER"]
[EventRounds "7"]
[EventType "team-swiss"]
[EventDate "2015.10.02"]

1. e4 e5 2. Nf3 Nc6 3. Bc4 Bc5 4. c3 Nf6 5. d4 exd4 6. e5 d5 7. Bb5 Ne4 8. cxd4
Bb6 9. Nc3 O-O 10. O-O f5 11. Bxc6 bxc6 12. Qb3 Kh8 13. Rd1 Qe8 14. Bd2 f4 15.
Ne2 g5 16. Bb4 Rg8 17. Nd2 Ba6 18. Nxe4 dxe4 19. Qc2 Bd3 20. Rxd3 exd3 21. Qxd3
Qg6 22. Qc4 Qe4 23. Be7 Rg6 24. Bf6+ Rxf6 25. exf6 Rf8 26. Rd1 Qd5 27. b3 Rxf6
28. Nc3 Qxc4 29. bxc4 h6 30. Kf1 Re6 31. g3 Ba5 32. Rd3 Bxc3 33. Rxc3 Re4 34.
d5 fxg3 35. hxg3 Rd4 36. dxc6 Rd6 37. Ra3 Rxc6 38. Rxa7 Rxc4 39. a4 1/2-1/2

[Event "Deutsche Ländermeisterschaft 2015"]
[Site "Hannover GER"]
[Date "2015.10.04"]
[Round "2"]
[White "Wu, Leon"]
[Black "Reinecke, Katharina"]
[Result "1-0"]
[Termination "normal"]
[Board "5.7"]
[WhiteElo "1689"]
[BlackElo "1765"]
[WhiteTeam "Baden 1"]
[BlackTeam "Hessen"]
[PlyCount "75"]
[WhiteFideId "12977438"]
[BlackFideId "12929727"]
[EventCountry "GER"]
[EventRounds "7"]
[EventType "team-swiss"]
[EventDate "2015.10.02"]

1. e4 c6 2. d4 d5 3. Nc3 b5 4. a3 dxe4 5. Nxe4 Bf5 6. Ng3 Bg6 7. Nf3 Nd7 8. Be2
e6 9. O-O Ngf6 10. c3 Be7 11. Ne1 O-O 12. f4 Ne4 13. Nxe4 Bxe4 14. Bf3 Nf6 15.
Nd3 Qc7 16. Qe2 Bxf3 17. Rxf3 g6 18. Bd2 a6 19. Kh1 Rfd8 20. Qe5 Qb7 21. Nc5
Bxc5 22. Qxf6 Be7 23. Qe5 c5 24. Re1 Rd5 25. Qe3 cxd4 26. cxd4 Bf6 27. Bc3 Rad8
28. Rd1 Qd7 29. Ba5 Bxd4 30. Qb3 Bc3 31. Rxd5 Qxd5 32. Qxc3 Qe4 33. h3 Rd1+ 34.
Kh2 Qb1 35. Qc8+ Kg7 36. Bc3+ Kh6 37. Qf8+ Kh5 38. g4+ 1-0

[Event "Deutsche Ländermeisterschaft 2015"]
[Site "Hannover GER"]
[Date "2015.10.04"]
[Round "2"]
[White "Ruppert, Paula"]
[Black "Basovskiy, Jana"]
[Result "1/2-1/2"]
[Termination "normal"]
[Board "5.8"]
[WhiteElo "1427"]
[BlackElo "1285"]
[WhiteTeam "Hessen"]
[BlackTeam "Baden 1"]
[PlyCount "40"]
[WhiteFideId "12979996"]
[BlackFideId "16208617"]
[EventCountry "GER"]
[EventRounds "7"]
[EventType "team-swiss"]
[EventDate "2015.10.02"]

1. e4 e5 2. Nf3 d6 3. Bc4 c6 4. Nc3 Be7 5. O-O Nf6 6. d4 Nbd7 7. Qe2 O-O 8.
dxe5 dxe5 9. Rd1 Qc7 10. Ng5 h6 11. Nf3 a5 12. a4 Nc5 13. h3 Be6 14. Nh4 Rfd8
15. Bxe6 Nxe6 16. Nf5 Nf8 17. Be3 Ng6 18. Rd3 Rd7 19. Rad1 Rad8 20. f3 Rxd3
1/2-1/2

[Event "Deutsche Ländermeisterschaft 2015"]
[Site "Hannover GER"]
[Date "2015.10.04"]
[Round "2"]
[White "Richter, Leonard"]
[Black "Bauer, Andreas"]
[Result "1/2-1/2"]
[Termination "normal"]
[Board "6.1"]
[WhiteElo "2281"]
[BlackElo "2242"]
[WhiteTeam "Sachsen"]
[BlackTeam "Baden 2"]
[PlyCount "103"]
[WhiteFideId "12900290"]
[BlackFideId "4625030"]
[EventCountry "GER"]
[EventRounds "7"]
[EventType "team-swiss"]
[EventDate "2015.10.02"]

1. e4 c5 2. Nf3 Nc6 3. d4 cxd4 4. Nxd4 Nf6 5. Nc3 e5 6. Ndb5 d6 7. Bg5 a6 8.
Na3 b5 9. Nd5 Be7 10. Bxf6 Bxf6 11. c4 b4 12. Nc2 O-O 13. h4 Be7 14. Ncxb4 Nxb4
15. Nxb4 Bb7 16. Nd5 Bxd5 17. Qxd5 Bxh4 18. Rd1 Bg5 19. Be2 Qb6 20. b3 Qb4+ 21.
Kf1 Rad8 22. Rh5 h6 23. Rh3 Qa3 24. Bh5 Qxa2 25. Rf3 Bf6 26. Kg1 Qa3 27. Qc6 a5
28. Rfd3 Bg5 29. Rxd6 Rxd6 30. Rxd6 Qxb3 31. Rd7 Qb8 32. Qd5 a4 33. Rxf7 Rxf7
34. Bxf7+ Kh7 35. c5 a3 36. c6 Bd8 37. Qe6 Bc7 38. Bg6+ Kh8 39. Qa2 Bd6 40. Bf7
Qd8 41. Qc2 Kh7 42. Ba2 Qe7 43. Qc4 Bc7 44. Qg8+ Kg6 45. Qc8 h5 46. Qf5+ Kh6
47. Bf7 Qg5 48. Qe6+ Kh7 49. Qc4 h4 50. Be6 Qf6 51. Qb3 g6 52. Bd5 1/2-1/2

[Event "Deutsche Ländermeisterschaft 2015"]
[Site "Hannover GER"]
[Date "2015.10.04"]
[Round "2"]
[White "Herbrig, Alexander"]
[Black "Boes, Julian"]
[Result "1-0"]
[Termination "normal"]
[Board "6.3"]
[WhiteElo "2017"]
[BlackElo "2083"]
[WhiteTeam "Sachsen"]
[BlackTeam "Baden 2"]
[PlyCount "79"]
[WhiteFideId "12952044"]
[BlackFideId "12907723"]
[EventCountry "GER"]
[EventRounds "7"]
[EventType "team-swiss"]
[EventDate "2015.10.02"]

1. e4 e6 2. d4 d5 3. Nc3 dxe4 4. Nxe4 Nd7 5. Nf3 Ngf6 6. Nxf6+ Nxf6 7. Be3 c5
8. dxc5 Qc7 9. c6 bxc6 10. Bd4 Bd6 11. Bxf6 gxf6 12. g3 Rb8 13. Rb1 Qa5+ 14. c3
Qxa2 15. Bg2 e5 16. O-O Bc5 17. b4 Be7 18. Ra1 Qc4 19. Qc1 a6 20. Qe3 Qb5 21.
Nd2 c5 22. c4 Qb6 23. b5 axb5 24. cxb5 O-O 25. Rfb1 Bb7 26. Nc4 Qe6 27. Bxb7
Qxc4 28. Bc6 Qd4 29. Qf3 Qd2 30. Ra4 Kh8 31. Rh4 Rg8 32. Qf5 Rg7 33. Be4 h6 34.
Rg4 Bd6 35. Qxf6 Rbg8 36. Qf5 c4 37. b6 c3 38. Kg2 Bc5 39. Rxg7 Rxg7 40. Qc8+
1-0

[Event "Deutsche Ländermeisterschaft 2015"]
[Site "Hannover GER"]
[Date "2015.10.04"]
[Round "2"]
[White "Moses, Selina"]
[Black "Wiesner, Alexander"]
[Result "1/2-1/2"]
[Termination "normal"]
[Board "6.5"]
[WhiteElo "1926"]
[BlackElo "1844"]
[WhiteTeam "Sachsen"]
[BlackTeam "Baden 2"]
[PlyCount "115"]
[WhiteFideId "12908070"]
[BlackFideId "12943991"]
[EventCountry "GER"]
[EventRounds "7"]
[EventType "team-swiss"]
[EventDate "2015.10.02"]

1. e4 c5 2. Nf3 Nc6 3. d4 cxd4 4. Nxd4 Nf6 5. Nc3 e5 6. Ndb5 d6 7. Bg5 a6 8.
Na3 b5 9. Nd5 Be7 10. Bxf6 Bxf6 11. c4 b4 12. Nc2 O-O 13. g3 a5 14. h4 g6 15.
Bh3 Ba6 16. b3 Bg7 17. O-O f5 18. Qd3 Bc8 19. Ndxb4 Nd4 20. Nxd4 exd4 21. Nc6
Qc7 22. Bg2 Qxc6 23. e5 Qa6 24. Bxa8 Qxa8 25. exd6 Qc6 26. a3 Bb7 27. f3 Qxd6
28. Kh2 Bf6 29. Kg2 Be5 30. Rfd1 Rd8 31. Rac1 Qxa3 32. c5 Bd5 33. c6 Qb2+ 34.
Qd2 Qxb3 35. Qe2 Bf6 36. c7 Rc8 37. Rb1 Qc3 38. Rdc1 Qa3 39. Rb8 Qxc1 40. Rxc8+
Kg7 41. Rd8 Bxf3+ 42. Kxf3 Qxc7 43. Re8 Qc6+ 44. Kf2 d3 45. Qe6 Qxe6 46. Rxe6
d2 47. Ke2 Bc3 48. Re7+ Kg8 49. Rd7 Bb4 50. Rd4 h6 51. Rd7 Bc3 52. Rd3 Bb4 53.
Rd7 Kh8 54. Kd1 Kg8 55. Ke2 Kf8 56. Kd1 f4 57. gxf4 Be7 58. h5 1/2-1/2

[Event "Deutsche Ländermeisterschaft 2015"]
[Site "Hannover GER"]
[Date "2015.10.04"]
[Round "2"]
[White "Lohrmann, Tabea"]
[Black "Simon, Tessa"]
[Result "0-1"]
[Termination "normal"]
[Board "6.6"]
[WhiteElo "1670"]
[BlackElo "1838"]
[WhiteTeam "Baden 2"]
[BlackTeam "Sachsen"]
[PlyCount "92"]
[WhiteFideId "12911941"]
[BlackFideId "12929395"]
[EventCountry "GER"]
[EventRounds "7"]
[EventType "team-swiss"]
[EventDate "2015.10.02"]

1. e4 e5 2. Nf3 Nc6 3. Bc4 Bc5 4. O-O Nf6 5. d4 Bxd4 6. Nxd4 Nxd4 7. Bg5 h6 8.
Be3 Nc6 9. f4 d6 10. f5 Qe7 11. Nc3 Bd7 12. Nd5 Nxd5 13. Qxd5 Nd8 14. Rad1 Bc6
15. Qd3 f6 16. Rf3 Nf7 17. h4 h5 18. Bf2 Nh6 19. Bb5 Qd7 20. Bxc6 Qxc6 21. b3
Ng4 22. Be1 O-O-O 23. Qe2 Rdg8 24. Rc3 Qb6+ 25. Kh1 g6 26. Rdd3 gxf5 27. exf5
Rg7 28. a4 Rd8 29. b4 d5 30. Qd1 Nf2+ 31. Bxf2 Qxf2 32. Rd2 Qxh4+ 33. Kg1 Qxb4
34. Rb3 Qc5+ 35. Kf1 Rg4 36. g3 Qc4+ 37. Kf2 d4 38. Qh1 e4 39. Kg2 e3 40. Rd1
Qxc2+ 41. Kh3 Qxb3 42. Rb1 Qxb1 43. Qxb1 d3 44. Qb3 d2 45. Qe6+ Kb8 46. Qxe3
d1=Q 0-1